000 00353nam a2200157Ia 4500
999 _c6201
_d6201
003 OSt
005 20190921195810.0
008 190906s9999||||xx |||||||||||||| ||und||
020 _a978-1118411100
040 _cmaju
100 _aAnton,Howard
245 0 _aCalculus
260 _aLondon
_bPrentice Hall Inc.
_c1995
300 _a1007
942 _cBK
_2ddc